[Event "NED-ch U15"]
[Site "Haarlem"]
[Date "2012.05.05"]
[Round "8"]
[White "Blees, Timothy"]
[Black "De Groot, Jacob"]
[Result "1/2-1/2"]
[WhiteElo "1244"]
[BlackElo "1651"]
[PlyCount "94"]
[EventDate "2012.04.28"]
[EventType "swiss"]
[EventRounds "9"]
[EventCountry "NED"]
[SourceTitle "EXT 2013"]
[Source "ChessBase"]
[SourceDate "2012.11.22"]
[SourceVersion "1"]
[SourceVersionDate "2012.11.22"]
[SourceQuality "1"]

1. d4 Nf6 2. g3 g6 3. c4 d5 4. Bg2 Bg7 5. Nc3 c6 6. cxd5 cxd5 7. Nf3 Nc6 8. 0-0 0-0 9. Ne5 Bf5 10. Nxc6 bxc6 11. Na4 Ne4 12. f3 Nd6 13. Nc5 e5 14. dxe5 Bxe5 15. e4 Be6 16. f4 Bg7 17. exd5 cxd5 18. Bxd5 Bh3 19. Bg2 Bxg2 20. Kxg2 Nc4 21. Na4 Rb8 22. Rb1 Na3 23. Ra1 Qc7 24. Kg1 Rfd8 25. Qf3 Nc2 26. Rb1 Qc4 27. b3 Qd4+ 28. Qf2 Qd3 29. Qf3 Qxf3 30. Rxf3 Nb4 31. a3 Nc2 32. b4 Rd1+ 33. Rf1 Rd3 34. Bb2 Nxa3 35. Bxa3 Rxa3 36. Nc5 Rc3 37. Na6 Rb6 38. b5 Bd4+ 39. Kg2 Rc2+ 40. Kh3 Rb2 41. Nc7 Rb7 42. Rxb2 Bxb2 43. Rf2 Bd4 44. Rc2 Bb6 45. Nd5 Ba5 46. Rb2 Bd8 47. Kg4 Rd7 1/2-1/2

[Event "NED-ch U15"]
[Site "Haarlem"]
[Date "2012.05.04"]
[Round "7"]
[White "Ousmane, Tijany"]
[Black "Blees, Timothy"]
[Result "1-0"]
[WhiteElo "1424"]
[BlackElo "1244"]
[PlyCount "73"]
[EventDate "2012.04.28"]
[EventType "swiss"]
[EventRounds "9"]
[EventCountry "NED"]
[SourceTitle "EXT 2013"]
[Source "ChessBase"]
[SourceDate "2012.11.22"]
[SourceVersion "1"]
[SourceVersionDate "2012.11.22"]
[SourceQuality "1"]

1. e4 c5 2. Nc3 d6 3. f4 a6 4. a4 Nc6 5. Nf3 b6 6. Bc4 e6 7. 0-0 Be7 8. d3 Nf6 9. Qe1 d5 10. Ba2 dxe4 11. dxe4 Nd4 12. Rf2 Nxf3+ 13. Rxf3 Bb7 14. Rd3 Qc7 15. e5 Nd7 16. Bd2 c4 17. Rh3 b5 18. Qe2 Qc6 19. Rg3 g6 20. Rf3 Qc5+ 21. Be3 Bxf3 22. Qxf3 Qc8 23. axb5 axb5 24. Nxb5 Rb8 25. Nd6+ Bxd6 26. exd6 Rxb2 27. Bd4 Rxa2 28. Rxa2 0-0 29. Ra3 Rd8 30. Qh3 h5 31. Qh4 Kh7 32. Qe7 Kg8 33. Rg3 e5 34. fxe5 Re8 35. Qh4 Nxe5 36. Qxh5 Kf8 37. Qh8# 1-0

[Event "NED-ch U15"]
[Site "Haarlem"]
[Date "2012.05.03"]
[Round "6"]
[White "Blees, Timothy"]
[Black "Leeftink, Gerbert"]
[Result "0-1"]
[WhiteElo "1244"]
[BlackElo "1584"]
[PlyCount "62"]
[EventDate "2012.04.28"]
[EventType "swiss"]
[EventRounds "9"]
[EventCountry "NED"]
[SourceTitle "EXT 2013"]
[Source "ChessBase"]
[SourceDate "2012.11.22"]
[SourceVersion "1"]
[SourceVersionDate "2012.11.22"]
[SourceQuality "1"]

1. d4 Nf6 2. g3 e6 3. Bg2 d5 4. c4 c6 5. cxd5 cxd5 6. Nc3 Bd7 7. Nf3 Nc6 8. Bf4 Bb4 9. 0-0 0-0 10. a3 Bxc3 11. bxc3 Ne4 12. Rc1 f6 13. Nd2 Nxd2 14. Qxd2 Na5 15. Qb2 g5 16. Bd6 Nc4 17. Qb4 a5 18. Qc5 b6 19. Qc7 Qxc7 20. Bxc7 Rac8 21. Bxb6 Nxb6 22. Rb1 Rb8 23. e3 Nc4 24. Ra1 Rb3 25. Rfc1 Rfb8 26. Bf1 Nd2 27. Bd3 Rc8 28. Rd1 Nc4 29. a4 Rxc3 30. Bf1 Rb8 31. Rd2 Nxd2 0-1

[Event "NED-ch U13"]
[Site "Rijswijk"]
[Date "2011.06.04"]
[Round "8"]
[White "Kuiper, Adrian"]
[Black "Blees, Timothy"]
[Result "1-0"]
[WhiteElo "1456"]
[BlackElo "1262"]
[PlyCount "127"]
[EventDate "2011.06.02"]
[EventType "swiss"]
[EventRounds "9"]
[EventCountry "NED"]
[SourceTitle "EXT 2012"]
[Source "ChessBase"]
[SourceDate "2011.11.24"]
[SourceVersion "1"]
[SourceVersionDate "2011.11.24"]
[SourceQuality "1"]

1. d4 d5 2. Nf3 Nc6 3. g3 Nf6 4. Bg2 e6 5. 0-0 Bd7 6. c4 Bd6 7. Nc3 dxc4 8. e4 e5 9. Bg5 h6 10. Bxf6 Qxf6 11. dxe5 Nxe5 12. Nd5 Nxf3+ 13. Bxf3 Qxb2 14. Re1 0-0-0 15. Re2 Qa3 16. Re3 Qa4 17. Qxa4 Bxa4 18. Be2 Be5 19. Rb1 b5 20. Bg4+ Kb7 21. Ra3 Kc6 22. Nb4+ Kd6 23. f4 Bd4+ 24. Kg2 Bc5 25. Rxa4 bxa4 26. Rd1+ Ke7 27. Nc6+ Kf6 28. Nxd8 Be7 29. e5+ Kg6 30. f5+ Kh7 31. Nc6 Bc5 32. Rc1 a3 33. Rxc4 Bb6 34. Re4 Bc5 35. Ra4 Bb6 36. Rxa3 Re8 37. Rd3 a5 38. Rd8 Rxd8 39. Nxd8 c5 40. Nxf7 c4 41. e6 Bc5 42. Nd8 c3 43. Bd1 Kg8 44. Nc6 Kf8 45. Nxa5 Ke7 46. a4 Kf6 47. g4 h5 48. Kf3 g6 49. Nb3 Bg1 50. h3 hxg4+ 51. hxg4 gxf5 52. gxf5 Bb6 53. Bc2 Bc7 54. Kg4 Bb8 55. Kh5 Be5 56. a5 Bh2 57. a6 Bb8 58. Nc5 Ba7 59. Ne4+ Ke7 60. Nxc3 Bg1 61. Ne4 Bb6 62. f6+ Ke8 63. Nd6+ Kf8 64. e7+ 1-0

[Event "NED-ch U13"]
[Site "Rijswijk"]
[Date "2011.06.02"]
[Round "1"]
[White "Blees, Timothy"]
[Black "Luiten, Reinier"]
[Result "0-1"]
[WhiteElo "1262"]
[BlackElo "1174"]
[PlyCount "126"]
[EventDate "2011.06.02"]
[EventType "swiss"]
[EventRounds "9"]
[EventCountry "NED"]
[SourceTitle "EXT 2012"]
[Source "ChessBase"]
[SourceDate "2011.11.24"]
[SourceVersion "1"]
[SourceVersionDate "2011.11.24"]
[SourceQuality "1"]

1. d4 d5 2. g3 Nf6 3. Bg2 e6 4. c4 c5 5. cxd5 Nxd5 6. Nf3 Be7 7. 0-0 0-0 8. h3 Nc6 9. Nc3 cxd4 10. Nxd4 Nxc3 11. bxc3 Nxd4 12. Qxd4 Qxd4 13. cxd4 Rd8 14. Rd1 Rb8 15. Bf4 Bd6 16. Bxd6 Rxd6 17. Rac1 g6 18. Rc7 Rd7 19. Rdc1 Rd8 20. e3 a6 21. Kf1 b6 22. R1c6 Bb7 23. Rc3 Bxg2+ 24. Kxg2 Kf8 25. Ra7 Ra8 26. Rb7 Rab8 27. Rbc7 a5 28. R3c6 h6 29. Ra7 Kg8 30. Rcc7 Rf8 31. Rab7 a4 32. g4 b5 33. a3 Rfc8 34. Rxc8+ Rxc8 35. Rxb5 Rc3 36. Rb1 Rxa3 37. Kf3 Ra2 38. Kg3 a3 39. f4 Rb2 40. Ra1 a2 41. Kf3 Kf8 42. Ke4 Ke7 43. f5 g5 44. Ke5 f6+ 45. Ke4 Kd6 46. fxe6 Kxe6 47. d5+ Kd6 48. Kf5 Kxd5 49. Kxf6 Ke4 50. Kg6 Rb6+ 51. Kh5 Ra6 52. Rxa2 Rxa2 53. Kxh6 Rh2 54. Kxg5 Rxh3 55. Kf6 Rf3+ 56. Kg6 Rg3 57. g5 Kxe3 58. Kf6 Rf3+ 59. Kg7 Kf4 60. g6 Kg5 61. Kh7 Rh3+ 62. Kg7 Rh6 63. Kf7 Rxg6 0-1

[Event "NED-ch U13"]
[Site "Rijswijk"]
[Date "2011.06.02"]
[Round "3"]
[White "Koeman, Cas"]
[Black "Blees, Timothy"]
[Result "1-0"]
[WhiteElo "1103"]
[BlackElo "1262"]
[PlyCount "119"]
[EventDate "2011.06.02"]
[EventType "swiss"]
[EventRounds "9"]
[EventCountry "NED"]
[SourceTitle "EXT 2012"]
[Source "ChessBase"]
[SourceDate "2011.11.24"]
[SourceVersion "1"]
[SourceVersionDate "2011.11.24"]
[SourceQuality "1"]

1. e4 c5 2. d4 cxd4 3. c3 dxc3 4. Nxc3 d6 5. Bc4 Nf6 6. Nf3 Nc6 7. Bb5 Qc7 8. Be3 a6 9. Bc4 b5 10. Bb3 Bb7 11. Rc1 Qd8 12. Nd5 Nxd5 13. exd5 Na5 14. 0-0 Rc8 15. Re1 Rxc1 16. Bxc1 g6 17. a4 Nxb3 18. Qxb3 Qa5 19. axb5 Qxb5 20. Qxb5+ axb5 21. Rd1 Bg7 22. Be3 b4 23. Nd4 Bxd5 24. Nf5 gxf5 25. Rxd5 Bxb2 26. Rb5 Kd7 27. Rxb4 Ra8 28. g4 Ba3 29. Rb7+ Ke6 30. gxf5+ Kf6 31. Kg2 Bc5 32. Kf3 Rc8 33. h4 h5 34. Bg5+ Kxf5 35. Rxe7 f6 36. Rf7 Bd4 37. Bf4 Be5 38. Be3 d5 39. Rd7 d4 40. Bxd4 Rc4 41. Bxe5 fxe5 42. Kg3 Rc8 43. Rd2 Rc3+ 44. f3 Ke6 45. Rd1 e4 46. Re1 Kf5 47. Rxe4 Rd3 48. Kf2 Rd5 49. Ke3 Re5 50. Kd4 Rxe4+ 51. fxe4+ Ke6 52. e5 Ke7 53. Ke4 Ke6 54. Kf4 Ke7 55. Kf5 Kf7 56. Kg5 Ke6 57. Kxh5 Kxe5 58. Kg6 Ke6 59. h5 Ke7 60. Kg7 1-0